El derecho en los ajustes integrales por inflación : (Registro nro. 11444)
[ vista simple ]
| 000 -LEADER | |
|---|---|
| fixed length control field | 01756nam a2200241Ia 4500 |
| 003 - CONTROL NUMBER IDENTIFIER | |
| control field | OSt |
| 005 - DATE AND TIME OF LATEST TRANSACTION | |
| control field | 20210408141402.0 |
| 008 - FIXED-LENGTH DATA ELEMENTS--GENERAL INFORMATION | |
| fixed length control field | 210310s1994 ck gr 000 0 spa d |
| 020 ## - INTERNATIONAL STANDARD BOOK NUMBER | |
| International Standard Book Number | 9589526624 |
| 040 ## - CATALOGING SOURCE | |
| Original cataloging agency | CO-JMCR |
| Transcribing agency | CO-JMCR |
| 041 0# - LANGUAGE CODE | |
| Language code of text/sound track or separate title | spa |
| 082 04 - DEWEY DECIMAL CLASSIFICATION NUMBER | |
| Classification number | 343.04 / |
| Item number | B849d |
| Edition number | 23 |
| 100 1# - MAIN ENTRY--PERSONAL NAME | |
| Personal name | Briceño de Valencia, Martha teresa, |
| Relator term | autor |
| 9 (RLIN) | 25536 |
| 245 13 - TITLE STATEMENT | |
| Title | El derecho en los ajustes integrales por inflación : |
| Remainder of title | para profesionales no expertos en contabilidad / |
| Statement of responsibility, etc. | Martha Teresa Briceño de Valencia, Olga Esperanza Hoyos de Ordoñez |
| 260 ## - PUBLICATION, DISTRIBUTION, ETC. | |
| Place of publication, distribution, etc. | Bogotá : |
| Name of publisher, distributor, etc. | [S/N] |
| Date of publication, distribution, etc. | 1994 |
| 300 ## - PHYSICAL DESCRIPTION | |
| Other physical details | 205 páginas ; |
| Dimensions | 25 cm. |
| 500 ## - GENERAL NOTE | |
| General note | 0 |
| 505 0# - FORMATTED CONTENTS NOTE | |
| Formatted contents note | Ámbito de aplicación. -- Obligados a aplicar el sistema. -- Métodos de ajuste. Porcentaje de ajuste año gravable - PAAG. -- Especialidad en la aplicación de las normas tributarias. -- Determinación de factores de ajustes. -- Cuentas especiales para registrar los ajustes por inflación. -- Ajustes de los activos fijos. -- Ajustes de acción y aportes. -- Ajustes a los inventarios. -- Tratamiento a los gastos financieros para la adquisición de activos. -- Ajustes de inversiones de capital. -- ajustes para el sector de la construcción. -- Ajustes a los activos representados en moneda extranjera en Upac o con pacto de ajustes. -- Ajuste del patrimonio. -- Pasivos no monetarios. -- Ajustes a las cuentas de resultado. -- Deducción teórico. -- Efecto de los ajustes. -- Legislación contable. -- Legislación fiscal. -- Concepto marco emitido por la subdirección jurídica de la dirección de impuestos y aduanas nacionales. |
| 650 14 - SUBJECT ADDED ENTRY--TOPICAL TERM | |
| Topical term or geographic name entry element | Ajustes por inflación. |
| 9 (RLIN) | 25538 |
| 650 24 - SUBJECT ADDED ENTRY--TOPICAL TERM | |
| Topical term or geographic name entry element | Contabilidad |
| 9 (RLIN) | 7829 |
| 700 1# - ADDED ENTRY--PERSONAL NAME | |
| Personal name | Hoyos de Ordoñez, Olga Esperanza, |
| Relator term | autor |
| 9 (RLIN) | 36700 |
| 942 ## - ADDED ENTRY ELEMENTS (KOHA) | |
| Source of classification or shelving scheme | Dewey Decimal Classification |
| Koha item type | Books |
| Withdrawn status | Lost status | Source of classification or shelving scheme | Damaged status | Not for loan | Home library | Current library | Shelving location | Date acquired | Source of acquisition | Full call number | Barcode | Date last seen | Copy number | Price effective from | Koha item type |
|---|---|---|---|---|---|---|---|---|---|---|---|---|---|---|---|
| Dewey Decimal Classification | Biblioteca Pública José María del Castillo y Rada | Biblioteca Pública José María del Castillo y Rada | General Stacks | 04/15/2018 | Donación | 343.04 / B849d | 430011711 | 05/16/2024 | Ej.1 | 04/15/2018 | Books |